000 00734nam a22002057a 4500
999 _c159405
_d159405
005 20181217114206.0
010 _aENG-124551
020 _c895.00
_a9789352808533
035 _aEN-108083
037 _bDBAD/PUB.
082 _a954.084092
245 _aPatel:
_ced. by Shakti Sinha [and] Himanshu Roy
_bpolitical ideas and policies/
260 _aNew Delhi
_bSage Publications India Pvt. Ltd.
_c2019
270 _aB1/I-1, Mohan Cooperative Industrial Area Mathura Road Post Bag 7
_bNew Delhi
_e110044
300 _axlii,237p.
_c21cm.(Hb)
500 _aIt includes references about the editors and contributors and index
700 _aShakti Sinha
700 _aHimanshu Roy
942 _2ddc
_cEN
_mPAT
_h954.084092